Венчурное финансирование в России: сравнительный анализ; Экономика России в XXI веке

Detalles Bibliográficos
Parent link:Экономика России в XXI веке.— 2008.— С. 51-57
Autor Principal: Овчинникова К. Н.
Idioma:ruso
Publicado: 2008
Subjects:
Formato: Capítulo de libro
KOHA link:https://koha.lib.tpu.ru/cgi-bin/koha/opac-detail.pl?biblionumber=154648

MARC

LEADER 00000naa2a2200000 4500
001 154648
005 20231031151941.0
035 |a (RuTPU)RU\TPU\book\167743 
090 |a 154648 
100 |a 20090303d2008 k y0rusy50 ca 
101 0 |a rus 
102 |a RU 
200 1 |a Венчурное финансирование в России: сравнительный анализ  |f К. Н. Овчинникова 
320 |a Библиогр.: 4 назв. 
463 0 |0 (RuTPU)RU\TPU\book\161559  |t Экономика России в XXI веке  |o сборник научных трудов V Всероссийской научно-практической конференции "Теоретические проблемы экономической безопасности России в XXI веке", Томск, 2008  |f Томский политехнический университет (ТПУ), Инженерно-экономический факультет, Кафедра экономики; под ред. Г. А. Барышевой  |v С. 51-57  |d 2008  |p 377 с. 
610 1 |a финансирование 
610 1 |a Россия 
610 1 |a венчурное финансирование 
610 1 |a сравнительный анализ 
610 1 |a инновации 
610 1 |a инновационные компании 
610 1 |a инвестирование 
610 1 |a труды учёных ТПУ 
700 1 |a Овчинникова  |b К. Н. 
801 1 |a RU  |b 63413507  |c 20090303  |g PSBO 
801 2 |a RU  |b 63413507  |c 20130206  |g RCR 
942 |c BK